Raw Ki Sazish (Record no. 612457)

000 -LEADER
fixed length control field 00319nam a22001337a 4500
020 ## - INTERNATIONAL STANDARD BOOK NUMBER
International Standard Book Number 9694429439
040 ## - CATALOGING SOURCE
Transcribing agency Nust
082 ## - DEWEY DECIMAL CLASSIFICATION NUMBER
Classification number 891.4393
Author Mark HAM
100 ## - MAIN ENTRY--PERSONAL NAME
Personal name A. Hameed
9 (RLIN) 9242
245 ## - TITLE STATEMENT
Title Raw Ki Sazish
260 ## - PUBLICATION, DISTRIBUTION, ETC.
Place of publication, distribution, etc. Lahore:
Name of publisher, distributor, etc. Maqbool academy publishers,
Date of publication, distribution, etc. 1997.
650 ## - SUBJECT ADDED ENTRY--TOPICAL TERM
Topical term or geographic name entry element Raw Ki Sazish
9 (RLIN) 127263
942 ## - ADDED ENTRY ELEMENTS (KOHA)
Source of classification or shelving scheme
Koha item type Book
Holdings
Withdrawn status Lost status Source of classification or shelving scheme Damaged status Not for loan Permanent Location Current Location Shelving location Date acquired Shelving control number Full call number Barcode Date last seen Price effective from Koha item type Public note
          College of Electrical & Mechanical Engineering (CEME) College of Electrical & Mechanical Engineering (CEME) Fiction 12/31/2024 Urdu Literature 891.4393 HAM CEME- 32766 12/31/2024 12/31/2024 Book 1.0
© 2023 Central Library, National University of Sciences and Technology. All Rights Reserved.